[Event "XXIX Miedzynarodowy Festiwal Szachowy CRACOVIA-2018 Grupa B"]
[Site "Krakow, Hotel Galaxy, ul. Gesia 22a"]
[Date "2019.01.04"]
[Round "9.53"]
[White "Szlosarczyk, Hubert"]
[Black "Vasilenko, Ekaterina"]
[Result "0-1"]
[WhiteElo "1600"]
[BlackElo "1791"]
[PlyCount "122"]
[EventDate "2019.??.??"]

1. d4 f5 2. c4 Nf6 3. Nc3 g6 4. Bg5 Bg7 5. Nf3 d6 6. g3 c6 7. Bg2 h6 8. Bxf6
Bxf6 9. O-O O-O 10. e4 fxe4 11. Nxe4 Bg7 12. Qd2 Qe8 13. Rfe1 Qf7 14. Rac1 Nd7
15. b3 Nf6 16. Nxf6+ Qxf6 17. h3 Bd7 18. d5 Rae8 19. Re2 g5 20. g4 Qf4 21. Rd1
Qxd2 22. Nxd2 Rf4 23. dxc6 Bxc6 24. Bxc6 bxc6 25. Ne4 Be5 26. Ng3 Kf7 27. Nf5
h5 28. Kg2 hxg4 29. Nh6+ Kg6 30. Nxg4 Bd4 31. Rde1 e5 32. Re4 Rxe4 33. Rxe4 d5
34. cxd5 cxd5 35. Re2 Re6 36. Rc2 Bb6 37. a4 d4 38. b4 d3 39. Rd2 e4 40. Kf1
Bd4 41. b5 Bc3 42. Rd1 Kf5 43. Ne3+ Ke5 44. a5 Kd4 45. a6 Rb6 46. Rb1 Kc5 47.
Rc1 Kd4 48. Rb1 Bd2 49. Nf5+ Kc5 50. Rb2 Bc3 51. Rb3 Kc4 52. Rb1 Be5 53. Ne3+
Kc5 54. Rc1+ Kxb5 55. Nc4 Re6 56. Nxe5 Rxe5 57. Ke1 e3 58. fxe3 Rxe3+ 59. Kd2
Rxh3 60. Rg1 Rh5 61. Kxd3 Kxa6 0-1

[Event "XXIX Miedzynarodowy Festiwal Szachowy CRACOVIA-2018 Grupa B"]
[Site "Krakow, Hotel Galaxy, ul. Gesia 22a"]
[Date "2019.01.04"]
[Round "9.54"]
[White "Pilch, Anna"]
[Black "Zaboklicki, Zbigniew"]
[Result "0-1"]
[WhiteElo "1838"]
[BlackElo "1742"]
[PlyCount "103"]
[EventDate "2019.??.??"]

1. e4 c5 2. Nf3 e6 3. d4 cxd4 4. Nxd4 Nc6 5. Nc3 a6 6. a3 Nge7 7. Nf3 d6 8. Be2
Qc7 9. O-O Bd7 10. Be3 Rd8 11. Bg5 Rc8 12. Qd2 Ng6 13. Rad1 h6 14. Be3 Nce5 15.
Nxe5 dxe5 16. Bd3 Be7 17. Ne2 Rd8 18. Qc1 Bd6 19. b3 b5 20. c4 bxc4 21. Bxc4
Bb5 22. Bxb5+ axb5 23. Qxc7 Bxc7 24. Rxd8+ Bxd8 25. Bc5 Be7 26. Bxe7 Kxe7 27.
a4 bxa4 28. bxa4 Ra8 29. Ra1 Nf4 30. Kf1 Nxe2 31. Kxe2 Kd6 32. Kd3 Kc5 33. Kc3
Kb6 34. Kb4 Rd8 35. Kc3 Ka5 36. f3 Rc8+ 37. Kb3 Rb8+ 38. Kc3 Rb4 39. Ra2 g5 40.
Kd3 h5 41. Ke3 Rb3+ 42. Kf2 Rb4 43. Kg3 Rxa4 44. Rxa4+ Kxa4 45. h4 f6 46. Kh3
Kb4 47. hxg5 fxg5 48. Kg3 Kc3 49. Kh3 Kd3 50. Kg3 Ke3 51. Kh3 Kf4 52. Kh2 0-1

[Event "XXIX Miedzynarodowy Festiwal Szachowy CRACOVIA-2018 Grupa B"]
[Site "Krakow, Hotel Galaxy, ul. Gesia 22a"]
[Date "2019.01.04"]
[Round "9.55"]
[White "Zielinski, Marcin"]
[Black "Alothman, Salem"]
[Result "1-0"]
[WhiteElo "1576"]
[BlackElo "1593"]
[PlyCount "55"]
[EventDate "2019.??.??"]

1. d4 d5 2. c4 e6 3. Nc3 c5 4. e3 Nc6 5. Nf3 Nf6 6. cxd5 exd5 7. Bd3 Bg4 8.
dxc5 Bxc5 9. O-O O-O 10. h3 Bh5 11. Be2 Bg6 12. Nb5 Ne4 13. a3 a6 14. Nbd4 Rc8
15. b4 Nc3 16. Qd2 Nxe2+ 17. Nxe2 Ba7 18. Bb2 Be4 19. Ned4 Qd6 20. Rac1 Ne5 21.
Nxe5 Qxe5 22. Rxc8 Rxc8 23. Nc6 Qg5 24. f4 Qg3 25. Nxa7 Rc2 26. Rc1 Bxg2 27.
Rxc2 Bf3+ 28. Qg2 1-0